Psychological perspective of hiv and aids (Record no. 175630)

MARC details
000 -LEADER
fixed length control field 00558nam a2200205Ia 4500
003 - CONTROL NUMBER IDENTIFIER
control field OSt
005 - DATE AND TIME OF LATEST TRANSACTION
control field 20251106180241.0
008 - FIXED-LENGTH DATA ELEMENTS--GENERAL INFORMATION
fixed length control field 210423s2006 xx 000 0 und d
020 ## - INTERNATIONAL STANDARD BOOK NUMBER
International Standard Book Number 8180692280
040 ## - CATALOGING SOURCE
Transcribing agency AL
041 ## - LANGUAGE CODE
Language code of text/sound track or separate title English
082 ## - DEWEY DECIMAL CLASSIFICATION NUMBER
Classification number 362.19
Item number RAJP
100 ## - MAIN ENTRY--PERSONAL NAME
Personal name Rajamanickam M
9 (RLIN) 118420
245 ## - TITLE STATEMENT
Title Psychological perspective of hiv and aids
260 ## - PUBLICATION, DISTRIBUTION, ETC.
Place of publication, distribution, etc. New Delhi
Name of publisher, distributor, etc. Concept publishing company
Date of publication, distribution, etc. 2006
300 ## - PHYSICAL DESCRIPTION
Extent ix,116p.
Other physical details HB
Dimensions 22x14cm.
365 ## - TRADE PRICE
Price amount 250
Currency code INR
906 ## - LOCAL DATA ELEMENT F, LDF (RLIN)
a aids. ; hiv ; perspective ; Psychological
942 ## - ADDED ENTRY ELEMENTS (KOHA)
Source of classification or shelving scheme Dewey Decimal Classification
Koha item type Book
Holdings
Withdrawn status Lost status Source of classification or shelving scheme Damaged status Not for loan Collection code Home library Current library Date acquired Source of acquisition Cost, normal purchase price Total Checkouts Full call number Barcode Date last seen Price effective from Koha item type
    Dewey Decimal Classification     MSW St Aloysius PG Library St Aloysius PG Library 07/01/2010 Book World 250.00   362.19 RAJP PG022330 08/24/2022 04/26/2021 Book